Hindī-Têlugu vyākaraṇoṃ kā eka tulanātmaka adhyayana. (Record no. 80287)
[ view plain ]
| 000 -LEADER | |
|---|---|
| fixed length control field | 00654cam a22002291 4500 |
| 001 - CONTROL NUMBER | |
| control field | sa 68004716 |
| 003 - CONTROL NUMBER IDENTIFIER | |
| control field | DLC |
| 005 - DATE AND TIME OF LATEST TRANSACTION | |
| control field | 20260227112503.0 |
| 008 - FIXED-LENGTH DATA ELEMENTS--GENERAL INFORMATION | |
| fixed length control field | 890525s1967 ii b 000 0 hino |
| 010 ## - LIBRARY OF CONGRESS CONTROL NUMBER | |
| LC control number | sa 68004716 |
| 035 ## - SYSTEM CONTROL NUMBER | |
| System control number | (OCoLC)19764868 |
| 040 ## - CATALOGING SOURCE | |
| Original cataloging agency | DLC |
| Transcribing agency | WaU |
| Modifying agency | DLC |
| 042 ## - AUTHENTICATION CODE | |
| Authentication code | premarc |
| 050 00 - LIBRARY OF CONGRESS CALL NUMBER | |
| Classification number | PK1934 |
| Item number | .S57 |
| 100 2# - MAIN ENTRY--PERSONAL NAME | |
| Personal name | Śivarāma Śarmā, S. V. |
| 245 10 - TITLE STATEMENT | |
| Title | Hindī-Têlugu vyākaraṇoṃ kā eka tulanātmaka adhyayana. |
| 260 ## - PUBLICATION, DISTRIBUTION, ETC. | |
| Date of publication, distribution, etc. | [1967] |
| 300 ## - PHYSICAL DESCRIPTION | |
| Extent | 12, 128 p. (p. 128 advertisement) |
| Dimensions | 23 cm. |
| 500 ## - GENERAL NOTE | |
| General note | In Hindi. |
| 504 ## - BIBLIOGRAPHY, ETC. NOTE | |
| Bibliography, etc. note | Bibliography: p. 122-123. |
| 650 #0 - SUBJECT ADDED ENTRY--TOPICAL TERM | |
| Topical term or geographic name entry element | Hindi language |
| General subdivision | Grammar, Comparative |
| -- | Telugu. |
No items available.